000 00318nam a22001337a 4500
082 _a823
_bDAN/D
100 _aDANIEL,LUCY
245 _aDALMATION IN THE DALES
246 _aDALMATION IN THE DALES
_bDALMATION IN THE DALES
260 _aLONDON
_bHODDER
_c2002
300 _a154
650 _aENGLISH STORIES
942 _cBK
999 _c8840
_d8840